| 000 | 00917nam a2200265 a 4500 | ||
|---|---|---|---|
| 001 | 000005665 | ||
| 003 | DO-SdBNP | ||
| 005 | 20251027110311.0 | ||
| 008 | 090821s2005 dr 000 0 spa d | ||
| 020 | _a9993425575 | ||
| 040 |
_aDO-SdBNP _bspa _cBNPHU |
||
| 082 |
_a972.901 _bU42u |
||
| 100 | 1 |
_aUlloa Hung, Jorge, _d1965- _916015 |
|
| 245 | 1 | 0 |
_aUna mirada al Caribe precolombino / _cJorge Ulloa Hung. |
| 260 |
_aSanto Domingo : _bINTEC, _c2005. |
||
| 300 |
_a87 p. ; _c22 cm. |
||
| 504 | _aIncluye referencias bibliográficas y notas al pie de las páginas | ||
| 504 | _aBibliografía : p. 83-87 | ||
| 650 | 4 |
_aArqueología indígena _zCaribe (Región) _916016 |
|
| 650 | 4 |
_aIndíngenas de las antillas _xAntiguedades _916017 |
|
| 651 | 0 |
_aCaribe (Región) _xHistoria _987401 |
|
| 710 | 2 |
_aInstituto Tecnológico de Santo Domingo _978911 |
|
| 910 | _aValidado. Control de calidad. MMOLINA | ||
| 942 |
_2ddc _cLBS1 |
||
| 999 |
_c5463 _d5463 |
||